| 000 | 01660nam a2200421 i 4500 | ||
|---|---|---|---|
| 001 | DIGDYK2961 | ||
| 003 | NyNyDIG | ||
| 007 | cr ||||||||||| | ||
| 008 | 231110s2023 sp a ob 000 0 spa d | ||
| 006 | m o d | ||
| 035 | _a(OCoLC)1402163454 | ||
| 040 |
_aDGITA _beng _erda _epn _cDGITA |
||
| 020 |
_a9788411705059 _qelectrónico |
||
| 020 | _z9788411703680 | ||
| 050 | 1 | 4 | _aBJ59 ebook |
| 100 | 1 |
_aBallester Casanella, Blanca, _eauthor. |
|
| 245 | 1 | 0 |
_aTecnología, robótica y sus implicaciones éticas / _cBlanca Ballester Casanella. |
| 264 | 1 |
_aMadrid : _bDykinson, S.L., _c[2023] |
|
| 300 | _a1 online resource. | ||
| 336 |
_atext _btxt _2rdacontent |
||
| 337 |
_acomputer _bc _2rdamedia |
||
| 338 |
_aonline resource _bcr _2rdacarrier |
||
| 347 |
_atext file _2rdaft |
||
| 347 | _bPDF | ||
| 490 | 1 | _aColección IA, robots y bioderecho | |
| 504 | _aIncludes bibliographical references. | ||
| 588 | 0 | _aOnline resource; title from PDF title page (Digitalia, viewed November 10, 2023) | |
| 650 | 0 |
_aMedical innovations _xMoral and ethical aspects. |
|
| 650 | 0 |
_aRobotics _xMoral and ethical aspects. |
|
| 650 | 0 |
_aArtificial intelligence _xMoral and ethical aspects. |
|
| 791 | 2 |
_aDigitalia (Firm), _edistributor. |
|
| 793 | 0 |
_gDigitalia eBook Collection: _aDykinson Editorial |
|
| 776 | 0 | 8 |
_iPrint version: _aBallester Casanella, Blanca. _tTecnología, robótica y sus implicaciones éticas. _dMadrid : Dykinson, S.L., [2023] _z9788411703680 |
| 830 | 0 | _aColección IA, robots y bioderecho. | |
| 856 | 4 | 0 |
_3Digitalia Hispánica _uhttps://www.digitaliapublishing.com/a/131273/ |
| 910 | _aPremium collection: 2023 | ||
| 942 | _cRAA | ||
| 999 |
_c281496 _d281496 |
||